| 000 | 00969 a2200265 4500 | ||
|---|---|---|---|
| 003 | Nust | ||
| 005 | 20170207154043.0 | ||
| 010 | _a 2005054874 | ||
| 020 | _a0470024119 (alk. paper) | ||
| 020 | _a9780470024119 | ||
| 035 | _a(OCoLC)ocm61859925 | ||
| 040 | _cNust | ||
| 082 | 0 | 0 | _a621.3822 |
| 100 | 1 | _aEtten, Wim van. | |
| 245 | 1 | 0 |
_aIntroduction to random signals and noise -(E-BOOK) _cWim C. van Etten. |
| 260 |
_aChichester, England ; _aHoboken, NJ : _bWiley, _cc2005. |
||
| 300 |
_axiii, 255 p. : _bill. ; _c26 cm. |
||
| 650 | 0 | _aRandom noise theory. | |
| 650 | 0 | _aSignal processing. | |
| 650 | 0 | _aStochastic processes. | |
| 651 | _aE-BOOK | ||
| 856 | 4 | 2 |
_3Contributor biographical information _uhttp://www.loc.gov/catdir/enhancements/fy0740/2005054874-b.html |
| 856 | 4 | 2 |
_3Publisher description _uhttp://www.loc.gov/catdir/enhancements/fy0625/2005054874-d.html |
| 856 | 4 | 2 |
_3Table of contents only _uhttp://www.loc.gov/catdir/enhancements/fy0625/2005054874-t.html |
| 942 |
_2ddc _cBK |
||
| 999 |
_c192756 _d192756 |
||